000 00489nam a2200169 i 4500
001 79908
003 ES-MaACL
005 20230906174059.0
007 t|
008 041025s1965 ag ||||1| spa d
100 1 _aHess, Dean E.
_963454
245 1 0 _aHimno de batalla /
_cDean E. Hess ; [traducción de Mario Calichio].
260 _aBuenos Aires :
_bPlaza & Janés,
_c[1965]
300 _a347 p. ;
_c18 cm.
700 1 _aCalichio, Mario.
_933668
852 _aES-MaACL
_jC-28917
_bR.68253
999 _c79908
_d79908